000 00291nam a22001337a 4500
008 190201b xxu||||| |||| 00| 0 eng d
020 _a9780028604039
041 _aeng
080 _a371
100 _a25
101 _aEDU
245 _aScience Desk Reference
_cFargis, P
942 _2udc
_cBK
999 _c53902
_d53902